000 00988nam a22002537i 4500
999 _c23315
_d23315
003 AR-CdUCM
008 250715b20242024 pe||||| |||| 00| 0 spa d
020 _a978-612-4375-24-8
040 _aMUNICIPALIDAD PROVINCIAL DEL CUSCO
_cBIBLIOTECA MUNICIPAL DEL CUSCO
041 _hspa
082 _a759.985 / M69
_bM69
110 _aCasa del Inca Garcilaso de la Vega
_951224
245 _aMuseo Histórico Regional de Cusco :
_bCasa del Inca Garcilaso de la Vega /
260 _aCusco :
_bDirección Desconcentrada de Cultura de Cusco
_c2024
300 _a198 páginas. :
_bIlustraciones
_c24x21 cm.
505 _aLa casa del Inca Garcilaso de la Vega -- Virreinato y resistencia -- Desarrollo regional preincaico, Cusco Incaico -- Vida y costumbres en una casa colonial
650 _aMuseo
_913696
650 _aPaleontología
_923320
650 _aCerámica
_927657
650 _aMetalurgia
_919102
650 _aIconografia
_9654
942 _2ddc
_cLIBROS
945 _apbjr
_d15-07-2025